Boletín del Orfeó Tortosí : publicación mensual publicación mensual
ISBN:
0213-8905
Descripción Física:
41 cm
Materias:
Orfeó Tortosí -- Revistes
MARC
| LEADER | 00000nam a2200000Ia 4500 | ||
|---|---|---|---|
| 001 | |||
| 008 | 160829s9999 xx 000 0 cat d | ||
| 008 | 160829s9999 xx 000 0 cat d | ||
| 020 | |a 0213-8905 | ||
| 080 | |a Revistes | ||
| 245 | |a Boletín del Orfeó Tortosí : |b publicación mensual | ||
| 260 | |a Tortosa : |b Impr. Querol, [1913 - 1914] | ||
| 300 | |a 41 cm | ||
| 362 | |a -año 2, no. 12 (28 feb. 1914) | ||
| 590 | |a Mensual. | ||
| 590 | |a Descripció basada en: Año 1, no. 9 (30 nov. 1913). | ||
| 590 | |a Continuat per: La Zuda. | ||
| 590 | |a Prové de 3267, exp. 7 | ||
| 650 | |a Orfeó Tortosí |x Revistes |9 47354 | ||
| 866 | |a Any 1, 1913 (9) | ||
| 901 | |a Arxiu | ||
| 942 | |n 1 | ||
| 952 | |0 0 |1 0 |4 0 |6 REVISTES |7 1 |9 54630 |a Arxiu |b Arxiu |d 2016-12-01 |l 0 |o Revistes |r 2016-12-01 00:00:00 |w 2016-12-01 |y ARXIU | ||
| 999 | |c 58499 |d 58499 | ||